| 000 | 00376nam a2200133Ia 4500 | ||
|---|---|---|---|
| 008 | 220216s9999 xx 000 0 und d | ||
| 100 | _aFranclet A | ||
| 245 | 0 | _aBiotechnology in rejuvenation: Hope for the micropropagation of difficult woody plants | |
| 260 |
_bActa Horticulturae _c1991 |
||
| 300 | _a273-282 | ||
| 500 | _aSource Year: 1993 | ||
| 856 | _uHOA | ||
| 942 | _cJS | ||
| 999 |
_c54832 _d54832 |
||